| 000 | 00964na a2200301 4500 | ||
|---|---|---|---|
| 001 | 13163 | ||
| 003 | MIRAKIL | ||
| 005 | 20181213154837.0 | ||
| 008 | 161025b tu 000 0 | ||
| 020 | _a9789750504921 | ||
| 035 | _a13163 | ||
| 040 |
_aMilas _btur _cTR-AnCHP |
||
| 082 |
_a305.309159 _bÇ23a 2009 |
||
| 090 | _a305.309159 Ç23a 2009 | ||
| 100 | _aÇağlayan, Handan | ||
| 245 |
_aAnalar, yoldaşlar, tanrıçalar _bkürt hareketinde kadınlar ve kadın kimliğinin oluşumu _cHandan Çağlayan |
||
| 246 | _aKürt hareketinde kadınlar ve kadın kimliğinin oluşumu | ||
| 250 | _a2 bs. | ||
| 260 |
_aİstanbul _bİletişim _c2009 |
||
| 300 |
_a278 s. _c21 sm. |
||
| 490 |
_aİletişim yayınları _v1229 |
||
| 490 |
_aAraştırma-İnceleme Dizisi _v211 |
||
| 504 | _aKaynakça var. | ||
| 650 |
_aFeminizm _xKimlik _zTürkiye |
||
| 650 |
_aKadınlar _xSiyasal katılım _yKürt hareketi |
||
| 650 | _aKadın hareketleri | ||
| 942 |
_2ddc _cBKS |
||
| 999 |
_c1874 _d1874 |
||